000 00877nam a22002177a 4500
999 _c11603
_d11603
003 AR-CdUCM
008 190404b ||||| |||| 00| 0 spa d
040 _aMUNICIPALIDAD PROVINCIAL DEL CUSCO
_cBIBLIOTECA MUNICIPAL DEL CUSCO
082 _a347.582 /
_bL123 / 1950
_25ed.
100 _aLaborde, Aser Over
_929047
245 _aSociedades de responsabilidad limitada :
_bRégimen legal - contabilidad /
260 _aBuenos Aires :
_bEl Ateneo,
_c1950.
300 _a410 páginas ;
_c22 cm.
440 _aColección jurídico - económico
_n2
_929048
505 _aContenido: Régimen Legal -- Constitución de sociedad de responsabilidad limitada -- Contabilidad de las sociedades de responsabilidad limitada ...
650 _aLegislación Argentina
_929049
650 _aArgentina
_9511
650 _aContabilidad
_910543
942 _2ddc
_cLIBROS
945 _acmm
_d2019-04-04